书目信息 |
| 题名: |
政务文明研究
|
|
| 作者: | 张暄 著 | |
| 分册: | ||
| 出版信息: | 北京 中国社会科学出版社 2015 |
|
| 页数: | 225页 | |
| 开本: | 24cm | |
| 丛书名: | ||
| 单 册: | ||
| 中图分类: | D523.4 | |
| 科图分类: | ||
| 主题词: | 廉政建设--Lian Zheng Jian She--对比研究--世界 | |
| 电子资源: | ||
| ISBN: | 978-7-5161-6142-5 | |
| 000 | 00939nam0 22002531 450 | |
| 001 | 350575 | |
| 005 | 20161011142715.31 | |
| 010 | @a978-7-5161-6142-5@dCNY48.00 | |
| 100 | @a20150715d2015 em y0chiy50 ea | |
| 101 | 0 | @achi |
| 102 | @aCN@b110000 | |
| 105 | @ay z 000yy | |
| 106 | @ar | |
| 200 | 1 | @a政务文明研究@AZheng Wu Wen Ming Yan Jiu@e服务型廉洁政府建设国际比较@f张暄等著 |
| 210 | @a北京@c中国社会科学出版社@d2015 | |
| 215 | @a225页@d24cm | |
| 300 | @a北京市社会科学院社科文库/谭维克总编 | |
| 330 | @a本书分为八章,在廉政文化建设理论和实践方面,对美国、西欧、北欧、俄罗斯等西方国家及日本、韩国、新加坡等东方国家进行了专题研究。 | |
| 517 | 1 | @a服务型廉洁政府建设国际比较@AFu Wu Xing Lian Jie Zheng Fu Jian She Guo Ji Bi Jiao |
| 606 | 0 | @a廉政建设@ALian Zheng Jian She@x对比研究@y世界 |
| 690 | @aD523.4@v5 | |
| 701 | 0 | @a张暄@AZhang Xuan@c(女)@4著 |
| 801 | 0 | @aCN@bTANGWEI@c20160804 |
| 905 | @b0890720-4@dD523.4@e203@f5 | |
| 政务文明研究:服务型廉洁政府建设国际比较/张暄等著.-北京:中国社会科学出版社,2015 |
| 225页;24cm |
| 北京市社会科学院社科文库/谭维克总编 |
| ISBN 978-7-5161-6142-5:CNY48.00 |
| 本书分为八章,在廉政文化建设理论和实践方面,对美国、西欧、北欧、俄罗斯等西方国家及日本、韩国、新加坡等东方国家进行了专题研究。 |
| ● |
| 相关链接 |
|
|
|
|
正题名:政务文明研究
索取号:D523.4/203
 
预约/预借
| 序号 | 登录号 | 条形码 | 馆藏地/架位号 | 状态 | 备注 |
| 1 | 0890720 | 208907209 | 第一样本阅览室/ [索取号:D523.4/203] | 在馆 | |
| 2 | 0890721 | 208907218 | 第一借阅区/ [索取号:D523.4/203] | 在馆 | |
| 3 | 0890722 | 208907227 | 第一借阅区/ [索取号:D523.4/203] | 在馆 | |
| 4 | 0890723 | 208907236 | 第一借阅区/ [索取号:D523.4/203] | 在馆 | |
| 5 | 0890724 | 208907245 | 第一借阅区/ [索取号:D523.4/203] | 在馆 |